000 00695nam a2200217 a 4500
008 080416s2008||||xo g 010 f slo d
020 _a9788055116495
_q(viaz.)
_c279
040 _aPPPK
_bslo
_cPPPK
_dSNK
_eAACR2
041 1 _aslo
_heng
044 _axo
_cSK
_cSK
072 7 _a821.111(73)-3
_xAmerická próza
_2konspekt
080 _a821.111(73)-31
_22001
080 _a(0:82-312.5)
_22001
100 1 _aMartin, Kat,
_d1947-
240 1 0 _aHeart of honor
_lSlovensky
245 1 0 _aCnostné srdce
_cKat Martinová ; [z anglického originálu preložila Elvíra Haugová]
250 _a[1. vyd.]
260 _aBratislava
_bIkar
_c2008
300 _a286 s.
_c21 cm
700 1 _aHaugová, Elvíra
_4trl
999 _c10397
_d10397